Statistiken für Größte Supermarktketten in Deutschland

Klicken Sie hier um das Quiz zu spielen!

Allgemein

  • Dieses Quiz wurde 1.156 mal gespielt
    (926 seit der letzten Aktualisierung)
  • Das Durchschnittsergebnis liegt bei 8 aus 20

Antwortstatistiken

Umsatz 2020
(In Milliarden Euro)
Antwort% Korrekt
35,06Schwarz-Gruppe
(Lidl, Kaufland)
99%
28,6Aldi-Gruppe
(Aldi Nord, Aldi Süd)
98%
31,02Rewe-Gruppe
(inkl. Penny, toom u.a.)
95%
55,69Edeka-Gruppe
92%
1,25Salling Group (Netto)
81%
7,35dm-Drogeriemarkt
55%
6,32Rossmann
51%
3,6Norma
49%
6,8Real
43%
2,8Müller
34%
2,72Globus
20%
1,23Migros (Tegut)
14%
1,57Bartels-Langness-Gruppe
(famila)
11%
0,47Alnatura
10%
0,6Dennree Denns/Biomarkt
9%
1,45Dohle-Gruppe (HIT)
7%
0,63Klaas+Kock
7%
1,57Bünting
1%
0,8Kaes V-Markt
1%
0,78Reformhaus
1%

Verteilung der Resultate

Perzentil nach korrekt beantworteten Fragen

Anzahl Personen mit jedem Resultat

Ihre Resultats-Entwicklung

Sie haben dieses Quiz seit der letzten Aktualisierung nicht gespielt